[Event "ROM-chT (Women)"]
[Site "Baile Herculane"]
[Date "2010.09.08"]
[Round "5.12"]
[White "Baluta, Elena Camelia"]
[Black "Paulet, Iozefina"]
[Result "0-1"]
[WhiteElo "2030"]
[BlackElo "2247"]
[PlyCount "68"]
[EventDate "2010.09.04"]
[EventType "team-tourn"]
[EventRounds "9"]
[EventCountry "ROU"]
[SourceTitle "EXT 2021"]
[Source "ChessBase"]
[SourceDate "2020.10.23"]
[SourceVersion "1"]
[SourceVersionDate "2020.10.23"]
[SourceQuality "1"]

1. e4 c5 2. c3 Nf6 3. e5 Nd5 4. d4 cxd4 5. cxd4 Nc6 6. Nc3 Nxc3 7. bxc3 d5 8. Bd3 Qc7 9. Ne2 e6 10. 0-0 Bd7 11. a4 Na5 12. f4 g6 13. Qe1 h5 14. Rf3 Nc4 15. Kh1 Be7 16. Ng1 Qa5 17. Nh3 0-0-0 18. Ng5 Be8 19. Bxc4 dxc4 20. Ba3 Bxa3 21. Rxa3 Kb8 22. Ra1 Rc8 23. Rf2 Rc7 24. Rb2 Bc6 25. Ne4 Bxe4 26. Qxe4 Qxc3 27. Rab1 b6 28. d5 exd5 29. Qxd5 Qd3 30. Qxd3 cxd3 31. a5 Rhc8 32. Rd1 Rc1 33. Rbd2 Rxd1+ 34. Rxd1 d2 0-1

[Event "ROM-ch sf U18 Girls"]
[Site "Buzias"]
[Date "2002.03.24"]
[Round "7"]
[White "Baluta, Elena Camelia"]
[Black "Ciobanu, Camelia Adriana"]
[Result "0-1"]
[WhiteElo "1775"]
[BlackElo "2234"]
[PlyCount "68"]
[EventDate "2002.03.18"]
[EventType "swiss"]
[EventRounds "9"]
[EventCountry "ROU"]
[SourceTitle "EXT 2008"]
[Source "ChessBase"]
[SourceDate "2007.11.25"]
[SourceVersion "1"]
[SourceVersionDate "2007.11.25"]
[SourceQuality "1"]

1. e4 c5 2. Nc3 Nc6 3. g3 g6 4. Bg2 Bg7 5. d3 e6 6. Nge2 Nge7 7. 0-0 0-0 8. Be3 Nd4 9. Qd2 Nec6 10. Bh6 Bxh6 11. Qxh6 Nxc2 12. Rac1 N2d4 13. f4 f5 14. Kh1 Rb8 15. h3 b5 16. g4 b4 17. Nxd4 Nxd4 18. gxf5 bxc3 19. fxg6 Qe7 20. Rg1 cxb2 21. gxh7+ Kh8 22. Rb1 Ne2 23. Rge1 Nxf4 24. e5 Qg7 25. Qxg7+ Kxg7 26. Rg1 Ne2 27. h8Q+ Kxh8 28. Rge1 Nc3 29. Kg1 Nxb1 30. Rxb1 Rf5 31. Be4 Rxe5 32. Kf2 c4 33. Ke3 c3 34. d4 Rxe4+ 0-1

[Event "ROM-ch sf U18 Girls"]
[Site "Buzias"]
[Date "2002.03.??"]
[Round "?"]
[White "Baluta, Elena Camelia"]
[Black "Rendi, Eva"]
[Result "1-0"]
[WhiteElo "1775"]
[BlackElo "2129"]
[PlyCount "99"]
[EventDate "2002.03.18"]
[EventType "swiss"]
[EventRounds "9"]
[EventCountry "ROU"]
[SourceTitle "EXT 2008"]
[Source "ChessBase"]
[SourceDate "2007.11.25"]
[SourceVersion "1"]
[SourceVersionDate "2007.11.25"]
[SourceQuality "1"]

1. e4 c5 2. c3 Nf6 3. d3 Nc6 4. f4 g6 5. Nf3 Bg7 6. g3 0-0 7. Bg2 b5 8. 0-0 Qb6 9. Kh1 d6 10. Be3 Ng4 11. Bg1 b4 12. h3 bxc3 13. bxc3 Qb2 14. Nbd2 Nh6 15. Nc4 Qb7 16. Rb1 Qc7 17. Qc2 Be6 18. Ne3 Qa5 19. g4 Kh8 20. f5 Bc8 21. Rb3 Ba6 22. g5 Ng8 23. Nh4 Ne5 24. c4 Nc6 25. Qc1 Nd4 26. Ra3 Qb6 27. Nd5 Qb7 28. Bxd4 Bxd4 29. Rb3 Qd7 30. Qa3 Bb7 31. Rfb1 Bc6 32. Nc3 Bf2 33. Nf3 gxf5 34. Qb2 Bd4 35. Nxd4 cxd4 36. Nd5 e5 37. Qf2 f4 38. Qh4 Qd8 39. Bf3 Rc8 40. Bg4 Bd7 41. Bxd7 Qxd7 42. Rb7 Qe6 43. Nf6 Nxf6 44. gxf6 Rce8 45. Rg1 Rg8 46. Rxg8+ Rxg8 47. Re7 Qc8 48. Rxf7 Rg1+ 49. Kxg1 Qg8+ 50. Rg7 1-0

[Event "ROM-ch U18 Girls"]
[Site "Sovata"]
[Date "2001.??.??"]
[Round "2"]
[White "Baluta, Elena Camelia"]
[Black "Istrati, Viorica"]
[Result "0-1"]
[WhiteElo "2115"]
[BlackElo "2115"]
[PlyCount "114"]
[EventDate "2001.03.31"]
[EventType "tourn"]
[EventRounds "11"]
[EventCountry "ROU"]
[SourceTitle "EXT 2008"]
[Source "ChessBase"]
[SourceDate "2007.11.25"]
[SourceVersion "1"]
[SourceVersionDate "2007.11.25"]
[SourceQuality "1"]

1. e4 c6 2. Nc3 g6 3. Nf3 Bg7 4. g3 d6 5. Bg2 Nf6 6. 0-0 Nbd7 7. d3 0-0 8. h3 Qc7 9. Be3 b5 10. Qd2 b4 11. Ne2 a5 12. Nh4 Bb7 13. f4 c5 14. f5 Ne5 15. g4 Rad8 16. Ng3 d5 17. Qf2 dxe4 18. dxe4 Nfd7 19. Rad1 Nc4 20. Bf4 Qb6 21. b3 Nd6 22. Be3 Nb5 23. Ne2 Ba6 24. Bf3 Nd4 25. Rd2 Ne5 26. Bg2 Nxe2+ 27. Rxe2 Bxe2 28. Qxe2 Nc6 29. g5 Bd4 30. f6 c4 31. Bxd4 Qxd4+ 32. Kh1 exf6 33. gxf6 c3 34. Qg4 h5 35. Qg5 Qd2 36. Qg3 Kh7 37. e5 Nd4 38. Be4 Qh6 39. Bd3 Ne6 40. Rg1 Rg8 41. Qf2 Qf4 42. Qa7 Qxh4 43. Qxf7+ Kh8 44. Qxe6 Rge8 45. Qxe8+ Rxe8 46. Rxg6 Qxh3+ 47. Kg1 Rg8 48. f7 Rxg6+ 49. Bxg6 Kg7 50. Kf2 Qh2+ 51. Kf3 Qxe5 52. Bd3 Kxf7 53. Kg2 h4 54. Kh1 Qe1+ 55. Kh2 Qd2+ 56. Kh3 Qxd3+ 57. cxd3 c2 0-1

[Event "ROM-ch U18 Girls"]
[Site "Sovata"]
[Date "2001.??.??"]
[Round "7"]
[White "Baluta, Elena Camelia"]
[Black "Moldovan, Corina"]
[Result "0-1"]
[WhiteElo "2115"]
[BlackElo "2226"]
[PlyCount "106"]
[EventDate "2001.03.31"]
[EventType "tourn"]
[EventRounds "11"]
[EventCountry "ROU"]
[SourceTitle "EXT 2008"]
[Source "ChessBase"]
[SourceDate "2007.11.25"]
[SourceVersion "1"]
[SourceVersionDate "2007.11.25"]
[SourceQuality "1"]

1. e4 c5 2. Nc3 Nc6 3. g3 g6 4. Bg2 Bg7 5. d3 e6 6. Nge2 Nge7 7. 0-0 0-0 8. Be3 b6 9. Qd2 Re8 10. Bh6 Bh8 11. f4 d5 12. f5 d4 13. fxg6 Nxg6 14. Nd1 e5 15. Nf2 Be6 16. h4 Bg7 17. h5 Nf8 18. Nh3 f6 19. Bxg7 Kxg7 20. Kh2 Nd7 21. Neg1 Qe7 22. Bf3 Kh8 23. g4 Rg8 24. Nf2 c4 25. Ngh3 Nd8 26. Rg1 Nf7 27. Rg2 Ng5 28. Nxg5 fxg5 29. Nh3 h6 30. Rf1 cxd3 31. Qxd3 Rac8 32. Ng1 Bc4 33. Qd1 Bxf1 34. Qxf1 Rgf8 35. Qd1 Nc5 36. Rd2 Qf7 37. Kg2 Qxa2 38. b4 Ne6 39. c3 Qc4 40. cxd4 Nxd4 41. Be2 Qxb4 42. Nf3 Nxf3 43. Bxf3 Rc3 44. Rd6 Rcxf3 45. Rxh6+ Kg7 46. Rg6+ Kh7 47. Qxf3 Qd2+ 48. Kg3 Rxf3+ 49. Kxf3 Qf4+ 50. Kg2 Qxe4+ 51. Kg3 Qxg6 52. hxg6+ Kxg6 53. Kf3 a5 0-1

[Event "ROM-ch sf U18 Girls"]
[Site "Eforie Nord"]
[Date "2001.??.??"]
[Round "8"]
[White "Miron, Oana"]
[Black "Baluta, Elena Camelia"]
[Result "1/2-1/2"]
[WhiteElo "2128"]
[BlackElo "2116"]
[PlyCount "25"]
[EventDate "2001.01.28"]
[EventType "swiss"]
[EventRounds "9"]
[EventCountry "ROU"]
[SourceTitle "EXT 2004"]
[Source "ChessBase"]
[SourceDate "2003.11.25"]
[SourceVersion "1"]
[SourceVersionDate "2003.11.25"]
[SourceQuality "1"]

1. e4 c5 2. Nc3 Nc6 3. f4 g6 4. Nf3 Bg7 5. Bb5 Nd4 6. 0-0 Nxb5 7. Nxb5 d6 8. a4 Nf6 9. d3 0-0 10. Qe1 a6 11. Nc3 e6 12. Qh4 Nd7 13. Qxd8 1/2-1/2